Quiz filmowy - filmy lat 80' i 90' #2 - Statystyki

Ogólne statystyki
  • Ten quiz został rozwiązany 1 182 razy
  • Średni wynik to 7 z 15
Statystyki odpowiedzi
Podpowiedź Rok produkcji Tytuł filmu % Poprawnych
Film jednoznacznie kojarzący się ze Świętami Bożego Narodzenia 1990 Kevin Sam w Domu
93%
Historia weterynarza potrafiącego rozmawiać ze zwierzętami 1998 Dr Dolittle
77%
Tytułową postacią jest elektroniczny zabójca przybyły z przyszłości 1984 Terminator
75%
Główny bohater był m.in. żołnierzem, tenisistą stołowym oraz kapitanem kutra 1994 Forrest Gump
65%
Postać grana przez Jima Carreya jest inwigilowana przez telewidzów od samego dnia nardzin 1998 Truman Show
64%
"Weź czerwoną pigułkę, a zostaniesz w krainie czarów i pokażę ci, dokąd prowadzi królicza nora" 1999 Matrix
60%
Odcięty od świata hotel Panorama staje się miejscem obłąkania, a następnie prawdziwego koszmaru 1980 Lśnienie
50%
Film znany m.in. ze słynnej sceny konkursu twista w Jack Rabbit Slim's Restaurant 1994 Pulp Fiction
43%
Dowód na to, że prawdziwej miłości nie przerwie nawet śmierć, a dusze czasami potrafią utknąć na Ziemii 1990 Uwierz w Ducha
38%
Losy pary nastolatków, którzy po katastrofie statku lądują na rajskiej wyspie 1980 Błękitna Laguna
37%
Adaptacja powieści Stephena Kinga o słynnym pisarzu i jego chorej psychicznie fance 1990 Misery
26%
Kolejny film o istotach paranormalnych, tym razem w potyczce z czterema "uzbrojonymi" mężczyznami 1984 Pogromcy Duchów
21%
Niezwykły duet policjanów powraca by stawić czoło dyplomacie z Republiki Południowej Afryki, którego chroni immunitet 1989 Zabójcza Broń 2
20%
Potyczka gliniarza i przestępcy przeniesiona do 2032 w wielką rozwałką w tle 1993 Człowiek Demolka
12%
Miejscem akcji tego przygodowego filmu jest kolumbijska dżungla 1984 Miłość, Szmaragd i Krokodyl
6%
Nie znaleziono quizów pasujących do podanych kryteriów
Rozkład punktacji
Procent ludzi z każdym wynikiem
Percentyl według liczby udzielonych odpowiedzi
Twoja historia wyników
Nie rozwiązałeś tego quizu